000 00282nam a22001097a 4500
008 170118b xxu||||| |||| 00| 0 eng d
020 _a9780803614734
041 _aeng
080 _a618.2
245 _aPROCEDURE CHECKLISTS FOR FUNDAMENTALS OF NURSING
_cWILINSON, J.M
942 _2udc
_cBK
999 _c3134
_d3134